000 00567nam a2200145Ia 4500
008 151213s9999 xx 000 0 und d
100 _aমিঞা লুৎফর রহমান।
245 _aবাংলার স্বাধীনও বঙ্গবন্ধু।
_cমিঞা লুৎফর রহমান।
260 _aঢাকা
_bবিশ্ব সাহিত্য ভবন।
_c2006
300 _a8764 p.
650 _aBangla
650 _aইতিহাস।
700 _aমিঞা লুৎফর রহমান।
999 _c4549
_d4549